00842cam a2200229 a 450000100100000000500170001000800410002704000250006808200170009310000490011024500610015926000470022030000240026750000350029159000400032665000240036665000270039065100490041791000150046695201140048199900170059500001461920240513203638.0760818s1970 ck a b 000 0 spa  aDO-SdBNPbspacBNPHU a303.4bB517d1 aBernal Jiménez, Rafael,d1898-1974.93311610aDinámica del cambio social /cRafael Bernal Jiménez. aTunja :bDepartamental de Boyaca,c[1970]. av. :bil. ;c24 cm. aIncluye notas bibliográficas aLa biblioteca posee el volumen uno. 0aCambio social91661 0aHistoria social978961 4aAmérica LatinaxCondiciones Sociales95034 aEn proceso 001052708MOaGRbGRcCTd2010-01-15iLF1l0ot. 1p14619-10r2020-06-25w2020-06-25y2ZPréstamo interno c14204d14204